000 00581nam a2200253Ia 4500
005 20260306153712.0
008 008 260114s9999 xx 000 0 eng d
020 _a9781316756829
037 _aEBOOK
040 _aCRL
040 _beng
040 _cCRL
041 _2eng
041 _aeng
084 _qCRL
100 _aAcharya
245 0 _aWhy Govern? 1st ed
260 _bCambridge University Press
260 _c2016
650 _aPolitical Science
856 _uhttps://doi.org/10.1017/CBO9781316756829
942 _cEBOOK
999 _c1704515
_d1704515